000 00704pam a2200217 a 4500
001 2143760
005 20251128161122.0
008 980720s1999 njua b 001 0 eng
020 _a0137162677
020 _a9780137162673
050 0 0 _aTA213
_b.S34 1999
082 0 0 _a690/.028/4
_221
100 1 _aSchaufelberger, John,
_d1942-
245 1 0 _aConstruction equipment management /
_cJohn E. Schaufelberger.
260 _aUpper Saddle River, N.J. :
_bPrentice Hall,
_cc1999.
300 _ax, 357 p. :
_bill. ;
_c25 cm.
650 0 _aConstruction equipment
_xManagement.
650 0 _aEngineering
_xEquipment and supplies
_xManagement.
650 0 _aConstruction industry
_xManagement.
942 _2lcc
_cBK
_n0
999 _c8427
_d8427